[Event "Maharashtra State-ch U25"]
[Site "Nasik"]
[Date "2018.08.09"]
[Round "2"]
[White "Bamboat, Hrrehan"]
[Black "Himanshu, S Chhabra"]
[Result "0-1"]
[WhiteElo "1393"]
[BlackElo "1797"]
[PlyCount "56"]
[EventDate "2018.08.09"]
[EventType "swiss"]
[EventRounds "9"]
[EventCountry "IND"]
[SourceTitle "CBM 186 Extra"]
[Source "ChessBase"]
[SourceDate "2018.08.24"]
[SourceVersion "1"]
[SourceVersionDate "2018.08.24"]
[SourceQuality "1"]

1. e4 c5 2. Nf3 Nc6 3. d4 cxd4 4. Nxd4 g6 5. Nc3 Bg7 6. Be3 Nf6 7. f3 0-0 8. Qd2 d5 9. Nxc6 bxc6 10. 0-0-0 Qc7 11. Bh6 Bxh6 12. Qxh6 Rb8 13. exd5 cxd5 14. Nxd5 Nxd5 15. Rxd5 Be6 16. Rd3 Qa5 17. a3 Qe1+ 18. Rd1 Qe5 19. b3 Rxb3 20. Bd3 Rxd3 21. Rxd3 Qa1+ 22. Kd2 Qxh1 23. g3 Qg2+ 24. Ke3 Qg1+ 25. Kd2 Qf2+ 26. Kc3 Rc8+ 27. Kb4 Qb6+ 28. Ka4 Rc4# 0-1

[Event "Maharashtra State-ch U25"]
[Site "Nasik"]
[Date "2018.08.09"]
[Round "1"]
[White "Himanshu, S Chhabra"]
[Black "Naiknaware, Vaibhav"]
[Result "1-0"]
[WhiteElo "1797"]
[BlackElo "1131"]
[PlyCount "95"]
[EventDate "2018.08.09"]
[EventType "swiss"]
[EventRounds "9"]
[EventCountry "IND"]
[SourceTitle "CBM 186 Extra"]
[Source "ChessBase"]
[SourceDate "2018.08.24"]
[SourceVersion "1"]
[SourceVersionDate "2018.08.24"]
[SourceQuality "1"]

1. d4 Nf6 2. Bf4 e6 3. e3 d5 4. Nd2 c5 5. c3 Nbd7 6. Bd3 Qb6 7. Rb1 Bd6 8. Bxd6 Qxd6 9. f4 b6 10. Ngf3 Bb7 11. 0-0 Ne4 12. Ne5 Nxd2 13. Qxd2 f5 14. Bb5 Bc8 15. Qe2 0-0 16. Bxd7 Bxd7 17. Rf3 Be8 18. Rh3 Rc8 19. Qf2 Rf6 20. Qe2 a5 21. Qa6 Qc7 22. Qe2 b5 23. Nd3 cxd4 24. cxd4 Qc2 25. Qf1 Qc6 26. Rc1 Qa8 27. Nc5 b4 28. Qe1 Bb5 29. Qh4 Rh6 30. Qe7 Re8 31. Qd6 Rxh3 32. gxh3 Qc8 33. Qb6 Be2 34. Kf2 Bh5 35. Qxa5 Re7 36. Qxb4 Qf8 37. Rg1 e5 38. Nd3 exd4 39. Qxd4 Qc8 40. Qxd5+ Bf7 41. Rc1 Qxc1 42. Qd8+ Re8 43. Qxe8+ Bxe8 44. Nxc1 Kf7 45. Ke2 Ke6 46. Kd3 Kd5 47. Ne2 Bb5+ 48. Kd2 1-0

[Event "Aurangabad MyBrain op 1st"]
[Site "Aurangabad"]
[Date "2018.04.28"]
[Round "4"]
[White "Himanshu, S Chhabra"]
[Black "Abhishek, Kelkar"]
[Result "0-1"]
[WhiteElo "1766"]
[BlackElo "2285"]
[PlyCount "102"]
[EventDate "2018.04.28"]
[EventType "swiss (rapid)"]
[EventRounds "9"]
[EventCountry "IND"]
[SourceTitle "CBM 184 Extra"]
[Source "ChessBase"]
[SourceDate "2018.06.28"]
[SourceVersion "1"]
[SourceVersionDate "2018.06.28"]
[SourceQuality "1"]

1. Nf3 Nf6 2. c4 c6 3. g3 d5 4. cxd5 cxd5 5. Bg2 Nc6 6. d4 Bf5 7. 0-0 e6 8. Nc3 Be7 9. Nh4 Bg4 10. h3 Bh5 11. Nf3 0-0 12. Bg5 h6 13. Bf4 Bg6 14. Ne5 Nxe5 15. dxe5 Nd7 16. e4 dxe4 17. Nxe4 Nc5 18. Nxc5 Bxc5 19. Bxb7 Rb8 20. Rc1 Bxf2+ 21. Rxf2 Rxb7 22. Qxd8 Rxd8 23. b3 Be4 24. Rd2 Rxd2 25. Bxd2 g5 26. Be3 Rb5 27. Rc5 Rb7 28. Ra5 Rc7 29. Bc5 Rc6 30. b4 a6 31. Ra3 Bd5 32. Kf2 Kg7 33. Ke3 Bg2 34. h4 Kg6 35. hxg5 hxg5 36. Rd3 Bd5 37. Kd4 Bxa2 38. Rf3 Bd5 39. Rf6+ Kg7 40. Rf2 Rc8 41. Rf1 Rh8 42. Be7 Rc8 43. Bc5 Bc6 44. Rf2 Bb5 45. Rh2 Kg6 46. Rf2 Rd8+ 47. Bd6 f5 48. Kc5 Rc8+ 49. Kb6 Rc6+ 50. Kb7 Rc3 51. Rg2 Bc6+ 0-1

[Event "New Delhi Parsvnath op-B 16th"]
[Site "New Delhi"]
[Date "2018.01.10"]
[Round "5"]
[White "Himanshu, S Chhabra"]
[Black "Sharma, Pankaj"]
[Result "1/2-1/2"]
[WhiteElo "1772"]
[BlackElo "1940"]
[PlyCount "118"]
[EventDate "2018.01.09"]
[EventType "swiss"]
[EventRounds "10"]
[EventCountry "IND"]
[SourceTitle "CBM 182 Extra"]
[Source "ChessBase"]
[SourceDate "2018.02.23"]
[SourceVersion "1"]
[SourceVersionDate "2018.02.23"]
[SourceQuality "1"]

1. Nf3 Nf6 2. c4 g6 3. b4 Bg7 4. Bb2 0-0 5. g3 d5 6. cxd5 Qxd5 7. Bg2 Qd8 8. Bf1 Qd5 9. Bg2 c6 10. 0-0 Qh5 11. d3 Bh3 12. Nbd2 Bxg2 13. Kxg2 Qd5 14. Nc4 Na6 15. a3 Rad8 16. Qc2 Rc8 17. Rad1 c5 18. b5 Nc7 19. b6 Ne6 20. bxa7 Qc6 21. Qb3 b5 22. Nce5 Qa6 23. Rb1 c4 24. dxc4 bxc4 25. a8Q Qxa8 26. Nxc4 Rb8 27. Qa2 g5 28. Kg1 Qe4 29. Ne3 g4 30. Nd2 Qa4 31. Qc4 Qa5 32. Bxf6 exf6 33. Rbd1 h5 34. Qd5 Qxd5 35. Nxd5 Ra8 36. Nc4 f5 37. Ne7+ Kh7 38. Nxf5 Ra4 39. Nxg7 Kxg7 40. Rc1 Nd4 41. Rfe1 Rc8 42. Nb6 Rxc1 43. Rxc1 Ra6 44. Rb1 Nxe2+ 45. Kf1 Nd4 46. a4 Nf3 47. Ke2 Nxh2 48. Kd3 Nf3 49. Rb2 f5 50. Kc4 Kg6 51. Kb5 Ra7 52. Rb4 Ne5 53. a5 Rxa5+ 54. Kxa5 Nc6+ 55. Kb5 Nxb4 56. Kxb4 f4 57. Nd5 fxg3 58. fxg3 h4 59. gxh4 Kh5 1/2-1/2